000 00877nam a22001695i 4500
001 171246
003 ES-MaACL
005 20251012063100.0
008 090506s1875 sp |||| | spa d
100 1 _aGarcía Santisteban, Rafael,
_d1829-1893
_9140041
245 1 0 _aNuestra Señora de Atocha
_b: drama religioso-tradicional en tres actos y en verso /
_coriginal de Rafael García y Santisteban.
260 _aMadrid :
_b[s.n.,
_c1875?] (
_fImp. de la Biblioteca de Instrucción y Recreo)
300 _a141 p. ;
_c17 cm.
500 _aEn port.: Estrenado en el teatro Español en febrero de 1875.
852 _aES-MaACL
_jF-8594(1)
_z.- Enc. pasta española
_q.- Falto de la cub. original
_z.- Enc. en un vol. facticio formando parte de la col. facticia "Teatro español moderno", vol. 47
_z.- Dedicatoria manuscrita del autor en anteport.
999 _c171246
_d171246